000 00697nam a22001937a 4500
005 20140421115552.0
008 140421s1978 ck do gr|||| 00| 0 spa d
041 _aspa
044 _ack
082 _a550
_bI24p
110 2 _aInstituto Geográfico Agustin Codazzi
_923711
245 1 0 _aPrograma nacional de inventario y clasificacon de tierras
_bmemoria explicativa
_cInstituto Geográfico Agustin Codazzi
250 _aSegunda Edición
260 3 _aBogotá
_bInstituto Geográfico Agustin Codazzi
_c1978
300 _a65 p.
_bfot., tablas
_c27 cm
504 _aIncluye bibliografía (páginas 25 - 29)
650 4 _aClasificación de tierras
_vPrograma
_xInventario
_923712
942 _2ddc
_cImpreso
999 _c8392
_d8392